[Event "Challenge"]
[Site "http://www.queenalice.com/game.php?id=119174"]
[Date "2006.10.20"]
[Round "-"]
[White "raskolnikoff"]
[Black "jode_johnson"]
[Result "1-0"]
[WhiteElo "1642"]
[BlackElo "1608"]

1. e4 Nc6 2. d4 Nf6 3. Nc3 d6 4. Bb5 a6 5. Ba4 b5 6. Bb3 Bg4 7. f3 Be6 8. Bxe6
fxe6 9. Nge2 h5 10. Be3 b4 11. Na4 Qb8 12. c4 e5 13. b3 Rh6 14. d5 Na5 15. Bxh6
gxh6 16. O-O c5 17. Qc2 Bg7 18. Rad1 h4 19. f4 h5 20. fxe5 dxe5 21. Rf5 Ra7 22.
Nxc5 Qc7 23. Ne6 Qd6 24. Nxg7+ Kf7 25. Nxh5 Qd8 26. Rxe5 Qd6 27. Rf5 Ra8 28.
Rdf1 Rg8 29. e5 Qc5+ 30. Kh1 Rg4 31. Nxf6 Rg6 32. Nd7+ Ke8 33. Nxc5 Rg4 34. Rf8#
1-0

[Event "Challenge"]
[Site "http://www.queenalice.com/game.php?id=122005"]
[Date "2006.10.26"]
[Round "-"]
[White "Mike36bh"]
[Black "jode_johnson"]
[Result "1-0"]
[WhiteElo "1727"]
[BlackElo "1766"]

1. d4 d5 2. Nc3 c6 3. e4 e6 4. a3 f5 5. exf5 exf5 6. Bf4 g5 7. Qh5+ Kd7 8. Qf7+
Qe7+ 9. Be5 Qxf7 10. Bxh8 f4 11. Nf3 h6 12. Ne5+ Ke7 13. Nxf7 Kxf7 14. Be5 Nd7
15. Bd3 b5 16. h4 c5 17. Nxd5 cxd4 18. Bxd4 Bb7 19. Be4 Rc8 20. c3 a5 21. hxg5
hxg5 22. Rh7+ Ke8 23. Rh8 Ne7 24. Nxe7 Kxe7 25. Bxb7 Rc7 26. Rh7+ Ke8 27. Bf3
Kd8 28. Rd1 Nb8 29. Bb6+ Bd6 30. Bxc7+ Ke8 31. Rxd6 g4 32. Rd8# 1-0

[Event "AUTO-OPEN-434"]
[Site "http://www.queenalice.com/game.php?id=122981"]
[Date "2006.10.29"]
[Round "1"]
[White "ian"]
[Black "jode_johnson"]
[Result "1-0"]
[WhiteElo "1450"]
[BlackElo "1541"]

1. d4 Nf6 2. Bf4 d6 3. Nc3 e5 4. Bg5 h6 5. Bxf6 Qxf6 6. e3 c5 7. dxc5 dxc5 8.
Nd5 Qd6 9. Bc4 a6 10. a4 b5 11. Be2 Bb7 12. Bf3 Nc6 13. axb5 axb5 14. Rxa8+ Bxa8
15. Ne2 g5 16. g4 Nb4 17. Nec3 Bg7 18. e4 Qa6 19. Nc7+ Ke7 20. Nxa6 Nxa6 21.
Nxb5 Rd8 22. Qa1 Rd6 23. Nxd6 Kxd6 24. Qxa6+ Kc7 25. Qxa8 f6 26. Kd2 Bf8 27.
Qxf8 Kb6 28. Qxf6+ Kb5 29. Qxe5 Kb4 30. Qd5 Kb5 31. Kc3 Kb6 32. Rd1 Kb5 33. Rd4
Kb6 34. Rc4 Kb5 35. Qxc5+ Ka6 36. Qa3+ Kb6 37. Qb3+ Ka7 38. Ra4# 1-0

[Event "AUTO-OPEN-434"]
[Site "http://www.queenalice.com/game.php?id=122982"]
[Date "2006.10.29"]
[Round "1"]
[White "jode_johnson"]
[Black "ian"]
[Result "0-1"]
[WhiteElo "1498"]
[BlackElo "1530"]

1. e4 e5 2. Bc4 Nf6 3. f3 Bc5 4. a3 d6 5. Nc3 a6 6. b4 Bd4 7. Nge2 Nc6 8. g4
Bxc3 9. Nxc3 Nd4 10. d3 h6 11. O-O Bd7 12. Bd5 Be6 13. Qe1 O-O 14. h4 Nxc2 15.
Qd2 Nxa1 16. Qb2 c6 17. Ba2 Qb6+ 18. Kg2 Bxa2 19. Qxa1 Be6 20. a4 Qd4 21. Re1
Qxb4 22. Ba3 Qd4 23. Rd1 Nd7 24. Bb2 Nc5 25. Qa3 Rfd8 26. Ne2 Qxa4 27. Qa1 Qxa1
28. Rxa1 Nxd3 29. Bc3 f6 30. Rd1 Nc5 31. Ba5 Rd7 32. Nc3 Bc4 33. Rb1 Bd3 34. g5
Bxb1 35. Nxb1 fxg5 36. hxg5 hxg5 37. Nc3 Kf7 38. Ne2 Rh8 39. Ng3 Nb3 40. Bb4 b5
41. Nf5 Ke6 42. Kg3 Nd4 43. Ne3 Rh7 0-1

[Event "AUTO-OPEN-434"]
[Site "http://www.queenalice.com/game.php?id=123001"]
[Date "2006.10.29"]
[Round "1"]
[White "ricvila"]
[Black "jode_johnson"]
[Result "0-1"]
[WhiteElo "1239"]
[BlackElo "1535"]

1. e4 d5 2. exd5 Qxd5 3. Nc3 Qc5 4. d4 Qd6 5. Nf3 Nf6 6. Bc4 e6 7. O-O Qb4 8. a3
Qxc4 9. Qe2 Qc6 10. Ne5 Qb6 11. Qd2 g6 12. Na4 Qb5 13. Nc3 Qc4 14. Nxc4 a6 15.
Qf4 Be7 16. Qxc7 Bd7 17. Ne5 O-O 18. Qxb7 Nc6 19. Nxc6 Rfe8 20. Nxe7+ Kf8 21.
Nc6 Bc8 0-1

[Event "AUTO-OPEN-434"]
[Site "http://www.queenalice.com/game.php?id=123002"]
[Date "2006.10.29"]
[Round "1"]
[White "jode_johnson"]
[Black "ricvila"]
[Result "0-1"]
[WhiteElo "1559"]
[BlackElo "1675"]

1. e4 e6 2. Bc4 d5 3. Be2 dxe4 4. Nc3 Nf6 5. Nh3 e5 6. O-O Bxh3 7. gxh3 Qd7 8.
Bg4 Nxg4 9. hxg4 Bd6 10. Nxe4 Nc6 11. h3 O-O-O 12. c3 Rhf8 13. c4 f5 14. Ng5 h6
15. Nh7 Rh8 16. Nf6 gxf6 17. gxf5 Qxf5 18. Qb3 Rhg8+ 19. Kh2 Qf4+ 20. Kh1 e4 21.
d3 Qh2# 0-1

[Event "AUTO-OPEN-434"]
[Site "http://www.queenalice.com/game.php?id=123013"]
[Date "2006.10.29"]
[Round "1"]
[White "jode_johnson"]
[Black "Scutellospora"]
[Result "0-1"]
[WhiteElo "1481"]
[BlackElo "1449"]

1. h4 e6 2. Rh3 Qf6 3. Nf3 Bc5 4. e3 Nc6 5. d4 Bb6 6. Nc3 d5 7. g4 Nh6 8. g5 Qf5
9. Nb5 Kd8 10. gxh6 Rg8 11. a4 Ba5+ 12. c3 a6 13. Na3 gxh6 14. Rg3 Rxg3 15. b4
Bd7 16. bxa5 Nxa5 17. fxg3 b6 18. Ne5 Ke7 19. g4 Qf6 20. e4 Qxh4+ 21. Ke2 Nc4
22. Be3 Qh2+ 23. Bf2 b5 24. Nf3 Qf4 25. Qd3 dxe4 26. Qd1 Qxg4 27. axb5 axb5 28.
Bh4+ f6 29. Qb3 Qxf3+ 30. Ke1 Ne3 31. Be2 Qh1+ 32. Kf2 Qxa1 33. Kxe3 Qc1+ 34.
Kxe4 Qxa3 35. Qb4+ Qxb4 36. cxb4 Bc6+ 37. Kd3 Ra3+ 38. Kd2 Rb3 39. Kc2 Bd5 40.
Bxb5 Rxb4 41. Bd3 Rxd4 42. Bg3 f5 43. Bxc7 Be4 44. Kc3 Rxd3+ 45. Kc4 Kd7 46. Bf4
h5 47. Kc5 h4 48. Kc4 Rf3 49. Bh2 h3 50. Kd4 Rf2 51. Bg3 Rd2+ 0-1

[Event "Challenge"]
[Site "http://www.queenalice.com/game.php?id=126976"]
[Date "2006.11.8"]
[Round "-"]
[White "jode_johnson"]
[Black "thiagobertolo"]
[Result "0-1"]
[WhiteElo "1582"]
[BlackElo "1625"]

1. e4 d5 2. d3 c6 3. Qf3 h5 4. Qf4 e6 5. d4 Bd6 6. Qf3 Qa5+ 7. c3 h4 8. b4 dxe4
9. Qxe4 Qd5 10. Nd2 Nf6 11. Qf3 e5 12. c4 Qxd4 13. Rb1 Na6 14. Bb2 Qf4 0-1

[Event "Challenge"]
[Site "http://www.queenalice.com/game.php?id=128282"]
[Date "2006.11.11"]
[Round "-"]
[White "Narz"]
[Black "jode_johnson"]
[Result "1-0"]
[WhiteElo "1635"]
[BlackElo "1640"]

1. e4 e6 2. d4 d5 3. exd5 exd5 4. Nf3 Nf6 5. Nc3 c6 6. Bd3 Bd6 7. Bg5 h6 8. Bh4
g5 9. Bg3 O-O 10. Ne5 Bg4 11. Qd2 Na6 12. h4 c5 13. hxg5 hxg5 14. Qxg5# 1-0

[Event "Challenge"]
[Site "http://www.queenalice.com/game.php?id=128432"]
[Date "2006.11.12"]
[Round "-"]
[White "jode_johnson"]
[Black "emredost"]
[Result "0-1"]
[WhiteElo "1655"]
[BlackElo "1870"]

1. e3 d5 2. Bd3 e5 3. Qf3 e4 4. Bxe4 dxe4 5. Qxe4+ Qe7 6. f3 Qxe4 7. fxe4 Nc6 8.
d4 Bg4 9. h3 Bh5 10. g4 Bg6 11. d5 Bxe4 12. Rh2 Bd6 13. dxc6 Bxh2 14. Ne2 Bxc6
15. Bd2 O-O-O 16. Na3 Bd6 17. O-O-O Bxa3 18. bxa3 Bf3 19. Nd4 Bxd1 20. Kxd1 Nf6
21. Bb4 Ne4 22. h4 c5 23. Ba5 b6 24. Be1 cxd4 25. exd4 Rxd4+ 26. Ke2 Re8 27. g5
Nc3+ 0-1

[Event "Challenge"]
[Site "http://www.queenalice.com/game.php?id=129915"]
[Date "2006.11.15"]
[Round "-"]
[White "jode_johnson"]
[Black "Topalove"]
[Result "0-1"]
[WhiteElo "1515"]
[BlackElo "1717"]

1. e4 e6 2. Bd3 d5 3. Qf3 dxe4 4. Bxe4 c6 5. d4 Nf6 6. Nh3 Na6 7. c3 Nxe4 8.
Qxe4 Nc7 9. Bg5 Qd5 10. Qf4 Bd6 11. Qf3 Qc4 12. Nd2 Qd5 13. Ne4 O-O 14. Nf4 Bxf4
15. Qxf4 Qf5 16. Qxc7 Qxe4+ 17. Kf1 h6 18. f3 Qd3+ 19. Kf2 hxg5 20. Rac1 Qd2+
21. Kg3 Qxb2 22. Qa5 f5 23. f4 gxf4+ 24. Kxf4 Qf2+ 25. Ke5 b6 26. Qa3 Bb7 27.
Kxe6 Qe3+ 28. Kd6 Qf4+ 29. Kd7 Rf7+ 30. Ke6 Re8+ 31. Qe7 Rexe7# 0-1

[Event "Challenge"]
[Site "http://www.queenalice.com/game.php?id=130006"]
[Date "2006.11.16"]
[Round "-"]
[White "jode_johnson"]
[Black "Catao"]
[Result "0-1"]
[WhiteElo "1541"]
[BlackElo "1842"]

1. f4 d5 2. Nf3 Nf6 3. d4 e6 4. Nc3 c5 5. dxc5 Bxc5 6. Qd3 Nc6 7. Nb5 a6 8. Na3
b5 9. c3 O-O 10. c4 dxc4 11. Nxc4 Qxd3 12. exd3 bxc4 13. dxc4 Nd4 14. Kf2 Nc2+
15. Nd4 Bxd4+ 16. Be3 Bxe3+ 17. Kf3 Bb7+ 18. Ke2 Nxa1 19. Kxe3 Be4 20. Be2 Nc2+
21. Kd2 Rfd8+ 22. Kc1 Bxg2 23. Rg1 Be4 24. Rg3 Nb4 25. a3 Na2# 0-1

[Event "Challenge"]
[Site "http://www.queenalice.com/game.php?id=130671"]
[Date "2006.11.17"]
[Round "-"]
[White "kako"]
[Black "jode_johnson"]
[Result "1-0"]
[WhiteElo "1752"]
[BlackElo "1505"]

1. d4 d5 2. Bf4 f6 3. Nc3 g5 4. Be3 Bf5 5. Nf3 Nc6 6. a3 e5 7. g3 Qd6 8. dxe5
fxe5 9. Nxd5 g4 10. Nh4 Nh6 11. Bxh6 Bxh6 12. Nxf5 Qg6 13. e4 Nd4 14. Nxc7+ Kf7
15. Nxh6+ Qxh6 16. Bc4+ Ke7 17. Nd5+ Kd6 18. Be2 Rhf8 19. Bxg4 Rac8 20. O-O Rg8
21. Bxc8 1-0